000 00562nam a2200205Ia 4500
001 13748
003 GE_BSU
008 181216s||||||||xx |||||||||||||| ||und||
040 _cGE_BSU
080 _a821.353.1–32
100 _aნაკაშიძე,ნინო
245 _aმოთხრობები
245 _c[პმ/რედ.ბ.ჩხეიძე
260 _aთბილისი
260 _bსახელგამი
260 _c1935
300 _a279გვ.20სმ.
653 _aმოთხრობები
942 _cBK
999 _c46895
_d46895